Guidelines for implementation of rural drinking water component under the Prime Minister's Gramodaya Yojana (PMGY) - rural drinking water (Record no. 487875)

000 -LEADER
fixed length control field 00486cam a22001217a 4500
008 - FIXED-LENGTH DATA ELEMENTS--GENERAL INFORMATION
fixed length control field 180718b2000 xxu||||| |||| 00| 0 eng d
082 ## - DEWEY DECIMAL CLASSIFICATION NUMBER
Classification number V495x54 G941R
100 ## - MAIN ENTRY--PERSONAL NAME
Personal name India. Ministry of Rural Development. Department of Drinking Water Supply
245 ## - TITLE STATEMENT
Title Guidelines for implementation of rural drinking water component under the Prime Minister's Gramodaya Yojana (PMGY) - rural drinking water
260 ## - PUBLICATION, DISTRIBUTION, ETC.
Place of publication, distribution, etc. New Delhi
Name of publisher, distributor, etc. The author
Date of publication, distribution, etc. 2000
300 ## - PHYSICAL DESCRIPTION
Extent 8p.
650 ## - SUBJECT ADDED ENTRY--TOPICAL TERM
Topical term or geographic name entry element Drinking water - India
Holdings
Withdrawn status Lost status Damaged status Not for loan Permanent Location Current Location Date acquired Full call number Barcode Date last seen Price effective from Koha item type
        Indian Institute of Public Administration Indian Institute of Public Administration 2018-08-04 V495x54 G941R GG28490 2018-08-04 2018-08-04 GG

Powered by Koha